[Event "IND-ch U12"]
[Site "Srinivasapura"]
[Date "2022.04.12"]
[Round "7"]
[White "Adharsh, K."]
[Black "Raihaan, Zahid"]
[Result "0-1"]
[WhiteElo "1487"]
[BlackElo "1517"]
[PlyCount "66"]
[EventDate "2022.04.09"]
[EventType "swiss"]
[EventRounds "11"]
[EventCountry "IND"]
[SourceTitle "EXT 2023"]
[Source "ChessBase"]
[SourceDate "2022.10.05"]
[SourceVersion "1"]
[SourceVersionDate "2022.10.05"]
[SourceQuality "1"]

1. e4 c5 2. Nc3 e6 3. Nf3 a6 4. d4 cxd4 5. Nxd4 Qc7 6. Nb3 b5 7. Qf3 Bb7 8. Bf4 d6 9. 0-0-0 b4 10. Ne2 Nf6 11. Ng3 Nbd7 12. Qd3 Rc8 13. f3 Ne5 14. Bxe5 dxe5 15. Nd2 Be7 16. Nc4 0-0 17. Qe3 h6 18. Qb3 Bc6 19. Qe3 Bb5 20. b3 Nd5 21. Qe1 Nc3 22. Rd2 Bxc4 23. Bxc4 Nxa2+ 24. Kb1 Qa5 25. Ne2 Nc3+ 26. Nxc3 bxc3 27. Rd7 Rxc4 28. Rxe7 Qa3 29. Qc1 Qxe7 30. bxc4 Rb8+ 31. Ka1 Rb2 32. c5 Qxc5 33. Qd1 Qa3# 0-1